| 000 | 00923nam a22002177a 4500 | ||
|---|---|---|---|
| 999 |
_c7533 _d7533 |
||
| 003 | AR-CdUCM | ||
| 008 | 190320b ||||| |||| 00| 0 spa d | ||
| 020 | _a0-07-016593-9 | ||
| 040 |
_aMUNICIPALIDAD PROVINCIAL DEL CUSCO _cBIBLIOTECA MUNICIPAL DEL CUSCO |
||
| 082 |
_a658.3 / _bD65 |
||
| 100 |
_aDeutsch, Arnold _921265 |
||
| 245 |
_aLa revolución de los recursos humanos : _bComunicar o litigar / |
||
| 260 |
_aMéxico : _bPubligrafics, _c1982. |
||
| 300 |
_a355 paginas ; _c20 cm. |
||
| 505 | _aContenido :La revolución de los recursos humanos -- Las raíces sociales de la revolución de los recursos humanos -- Heterogeneidad sin limites: la nueva fuerza de trabajo -- Mas allá de la fuerza de trabajo -- Medidas contra la discriminación ... | ||
| 650 |
_aAdministración y organización _921266 |
||
| 650 |
_aEmpleados _911242 |
||
| 700 |
_aBarcenas, Benjamin _921267 |
||
| 942 |
_2ddc _cLIBROS |
||
| 945 | _arum | ||